|
|
|
|
| LEADER |
01249nam a2200301 a 4500 |
| 001 |
3613268 |
| 008 |
090730s1993 nyua 000 1 eng d |
| 010 |
|
|
|a 73003130
|
| 020 |
|
|
|a 0404088325
|a 1853260649
|
| 040 |
|
|
|a DLC
|c DLC
|d DLC
|
| 082 |
0 |
0 |
|a 823/.8
|2 20
|
| 999 |
|
|
|c 3097
|d 3097
|
| 999 |
|
|
|c 3097
|
| 100 |
1 |
|
|a Brontë, Charlotte,
|d 1816-1855.
|9 1023
|
| 245 |
1 |
0 |
|a Shirley/
|c Charlotte Bronte.
|
| 260 |
|
|
|a New York;London:
|b AMS Press;
|b Wordsworth editions ltd.,
|c 1993
|
| 300 |
|
|
|a [iii], 482p.
|b illus.
|c 19 cm.
|
| 490 |
|
0 |
|a Wordsworth Classics.
|
| 500 |
|
|
|a "Wordsworth edition."
|
| 541 |
1 |
|
|e 00015873
|
| 650 |
|
0 |
|a Textile industry
|x Fiction.
|9 1024
|
| 650 |
|
0 |
|a Napoleonic Wars, 1800-1815
|x Fiction.
|9 1025
|
| 650 |
|
0 |
|a Women
|z England
|x Fiction.
|9 1026
|
| 651 |
|
0 |
|a Yorkshire (England)
|x Fiction.
|9 1027
|
| 800 |
1 |
|
|a Brontë, Charlotte,
|d 1816-1855.
|t Life and works of the sisters Brontë,
|v v. 2.
|9 1028
|
| 852 |
4 |
|
|a Ayesha Abed Library
|j General Shelf.
|
| 942 |
|
|
|2 ddc
|c BK
|
| 952 |
|
|
|0 0
|1 3
|2 ddc
|4 0
|6 823_800000000000000_BRO
|7 0
|9 14242
|a BRACUL
|b BRACUL
|c GEN
|d 2011-01-29
|g 152.00
|l 6
|m 62
|o 823.8 BRO
|p 3010015873
|r 2018-10-23
|s 2018-08-19
|t 1
|v 304.00
|w 2011-01-29
|y BK
|x Lost and cost paid by user BDT-304/- (Student ID-18163004) Money Receipt No-32571
|